000 00828nam a2200253Ia 4500
003 OSt
005 20220930072841.0
006 a|||||r|||| 00| 0
007 ta
008 220926b |||||||| |||| 00| 0 eng d
024 _a25607
037 _cTheses
040 _aCRL
_cCRL
_beng
041 _2eng
_aeng
100 _aMukherjee Shubhasish
_9530569
110 _aUniversity of Delhi. Faculty of Science. Department of Chemistry
_9519399
245 0 _aSyntheic and biotransformation studies on 1,3-Disubstituted proponones and isoxazolidines
260 _c1999
650 _aCHEMISTRY
700 _a Parmar V.S. Supervisor
_9530570
700 _aUniversity of Delhi. Faculty of Science. Department of Chemistry
_9519402
942 _cDIS
_2CC
999 _c864389
_d864389